Games of Thrones - Les régions de Westeros - Statistiques

Statistiques générales
  • Ce quiz a été pris 158 fois
  • Le résultat moyen est 17 sur 27
Statistiques - réponses
Régions Capitales Maisons dirigeantes % Correct
Maison Stark
98%
Le Nord v v
94%
Maison Lannister
94%
Winterfell
92%
Maison Baratheon
91%
Maison Tully
79%
Dorne
73%
Maison Tyrell
73%
Port-Réal
72%
Maison Greyjoy
70%
Maison Arryn
68%
Hautjardin
65%
Maison Martell
65%
Castral Roc
64%
Les Îles de Fer
62%
Le Conflans
54%
Le Bief
49%
Le Val d’Arryn
49%
Les Terres de l’Orage
46%
Les Eyrié
45%
Accalmie
43%
Les Terres de la Couronne
42%
Les Terres de l’Ouest
41%
Pyk
38%
Vivesaigues
37%
Lancehélion
27%
Occupant du trône
27%
Aucun quiz correspondant
Distribution des résultats
% des personnes avec chaque résultat
Percentile par nombre de réponses
Votre historique - résultats
Vous n’avez pas pris ce quiz